| 000 | 00807nam a2200193 a 4500 | ||
|---|---|---|---|
| 001 | 4076 | ||
| 005 | 20140414131901.0 | ||
| 008 | 081222s19uu xx 00 eng d | ||
| 020 | _a0-439-16824-4 | ||
| 050 |
_aFIC _bC65 2000 |
||
| 100 | _aCoerr, Eleanor. | ||
| 245 |
_aSadako and the thousand paper cranes / _cby Eleanor Coerr ; paintings by Ronald Himler. |
||
| 260 |
_aNew York : _bScholastic, _c2000. |
||
| 300 | _a79 p. : ill. ; 24 cm. | ||
| 500 | _aOriginally published: New York : Putnam, 1977. | ||
| 520 | _aHospitalized with the dreaded atom bomb disease, leukemia, a child in Hiroshima races against time to fold one thousand paper cranes to verify the legend that by doing so a sick person will become healthy. | ||
| 650 |
_aSasaki, Sadako, 1943-1955 _xJuvenile literature. |
||
| 999 |
_c110678 _d110678 |
||